Реконструкція релігійної системи трипільців та її структурних складових (за матеріалами Небелівського храму) (Запис № 579632)
[ простий вигляд ]
| 000 -Лідер | |
|---|---|
| fixed length control field | 02616nam a2200241 4500 |
| 001 - Контрольний номер | |
| control field | 2162214035926548 |
| 003 - Ідентифікатор контрольного номера | |
| control field | UA-OsUOA |
| 005 - Дата та час останнього входження (трансакції) | |
| control field | 20260130102905.0 |
| 008 - Елементи даних фіксованої довжини – загальна інформація | |
| fixed length control field | 260130b un ||||| |||| 00| 0 ukr d |
| 040 ## - Джерело каталогізації | |
| Агенція оригінальної каталогізації | UA-OsUOA |
| Мова каталогізації | ukr |
| Агенція, яка здійснювала перезапис | UA-OsUOA |
| Агенція, яка здійснювала модифікацію | UA-OsUOA |
| 041 ## - Код мови | |
| Код мови тексту/ звукової доріжки чи окремого заголовка (П) | ukr |
| 080 ## - Індекс Універсальної десяткової класифікації | |
| Індекс Універсальної десяткової класифікації (УДК) (НП) | 299.1 |
| 090 ## - Локальний шифр розміщення | |
| Класифікаційний індекс УДК | 299.1 |
| 095 ## - Код спеціальності для авторефератів | |
| Код спеціальності | 09.00.11 |
| Назва спеціальності | релігієзнавство |
| 100 ## - Основне введення – ім’я особи | |
| Ім’я особи (НП) | Завалій О. І. |
| 9 (RLIN) | 23088 |
| 245 ## - Відомості про назву | |
| Назва (НП) | Реконструкція релігійної системи трипільців та її структурних складових (за матеріалами Небелівського храму) |
| Дані про відповідальність (НП) | Завалій Олександр Іванович ; науковий керівник Базик Дмитро Васильович |
| 260 ## - Публікація, розповсюдження і т.п. (Вихідні дані) | |
| Місце публікації, розповсюдження і т.п. (П) | Київ |
| Дата публікації, розповсюдження і т.п. (П) | 2025 |
| 300 ## - Фізичний опис | |
| Обсяг | 20 с. |
| 502 ## - Примітка про дисертацію | |
| Зв'язок | Автореферат дисертації на здобуття наукового ступеня кандидата філософських наук<br/> |
| Наймення інституції, що представляється | Інститут філософії імені Г.С. Сковороди НАН України |
| Рік отримання вченого ступеня | 2025 |
| 520 ## - Резюме і т.п. | |
| Резюме, реферат, анотація, тощо (НП) | Дисертація присвячена вивченню структурних складових релігійної системи трипільської культури, проблемам її реконструкції, інтерпретації та відродження в контексті сучасності за матеріалами Небелівського храму як унікальної сакральної споруди ранньоземлеробської доби. Зʼясовано астрономічне призначення, головний релігійний символ, основні сакральні елементи храму, реконструйовано гіпотетичні ритуальні практики та культові церемонії, а також виявлено існування календарної системи обчислення року, повʼязаної з храмовим культом.<br/>Досліджено вияви реліктових форм трипільської релігії в українському фольклорі та етнокультурі, а також рецепцію трипільської духовної спадщини в діяльності сучасних рідновірських / природовірських конфесій України.<br/> |
| 650 ## - Додаткове предметне введення – тематичний термін | |
| Джерело заголовка чи терміна | UDC |
| Тематичний термін чи географічна назва, як елемент введення (НП) | 2 Релігія. Теологія (Богослов'я) |
| 9 (RLIN) | 2601 |
| 942 ## - Додаткові елементи входу (Коха) | |
| Source of classification or shelving scheme | Universal Decimal Classification |
| Тип елемента Koha | Автореферат |
Немає доступних примірників.